000 00684nam a2200217Ia 4500
005 20250508160338.0
008 008 250505s9999 xx 000 0 eng d
037 _aTextual
040 _aFEDL
_beng
_cFEDL
041 _aeng
_2eng
084 _a379.11, HAR
_qFEDL
100 _aHarris Seymour E.
245 0 _aMore resources for education
260 _aNew York, USA
_bHarper and Brothers Publishers
_c1960
300 _ax,86p.
490 _aThe John Dewey society lectureship series
546 _aJohn Dewey Society annual lecture, Chicago, Feb 12, 1960
650 _aEducation - Finance
_9758531
942 _cTEXL
_h379.11, HAR
999 _c1363898
_d1363898